00776cam a22002171 4500001001300000003000400013005001700017008004100034010001700075040004500092050002600137082001100163110004000174245014100214260004400355300001800399490002100417650004400438810005900482999001700541pa 61000010 DLC20260227111855.0780328s1960 dcu i000 0 eng c apa 61000010  aPan American Union. LibrarycWMaUCSdDLC00aKDZ966.P64bI586 196000a364.132 aInter-American Juridical Committee.10aStudy on political offenses.bPrepared in accordance with Resolution III of the Fourth Meeting of the Inter-American Council of Jurists. aWashington,bPan American Union,c1960. a31 p.c28 cm.1 aCIJ-54 (English) 0aPolitical crimes and offenseszAmerica.2 aInter-American Council of Jurists.tCIJ, English,v54. c51450d51450